000 02089nam a2200325 c 4500
003 BLK
005 20210609083151.0
008 180411b bul|||||r ||||||| ||bul||
010 _aKNG00194019000
040 _aBLK
041 _aBUL
_cBUL
080 _aРуска литература
_b821.161.1
_x-1
_z821.161.1-1
700 1 _aЦветков, Иван Александров
_eсъстав.
_9370523
700 1 _aВелчев, Петър
_eпредг. от
_gГенев, Петър Велчев
_9369325
700 1 _aПавлова, Иванка
_eпрев. от рус.
_9367089
139 _aЗаветни лири
_bЗ 15
245 1 0 _aЗаветни лири
_bАнтология на рус. клас. поезия
_cсъстав. Иван Александров Цветков; предг. от Петър Велчев; прев. от рус. Иванка Павлова.
257 _aRUS
260 София
_bНар. култура
_c1983
300 _a656 с.
_c21 см
380 _aX
490 1 _aБиблиотека Световна класика
500 _aДруги прев. : Ив. Теофилов, А. Александрова, Д. Боляров, Я. Димов, Л. Любенов, Гр. Ленков, П. Алипиев, Ал. Миланов, В. Хинкова, К. Кадийски, Г. Мицков, Ел. Багряна, С. Бакърджиев, П. Велчев, Г. Джагаров, Д. Тонев, Н. Бояджиев, Й. Ковачев, А. Германов, Н. Фурнаджиев, Л. Стоянов, Р. Александрова, А. Тодоров, Ив. Николов, Н. Попова, Н. Попов ; Л. Любенов - псевд. на прев. Любен Георгиев Прангов. - 15 125 тир. - Съдържа и биогр. бел. за включените в сб. авт. / Петър Велчев.
653 _aстихотворения
852 _aЦб 124460
856 4 _qpdf
_u
856 4 _qpdf
_u
942 _cKNG
_n0
_01
944 _aCR
_c20.10.2016
_kЕлица_Владова
944 _aED
_c20.10.2016
_kЕлица_Владова
999 _c185041
_d185041